000 01048 a2200337 4500
005 20250804121610.0
008 250804b |||||||| |||| 00| 0 eng d
041 _aFr
044 _aCIV
090 _bDG/N/3078
100 _aGUIRAU, Boguinard Sahin Honorine Brigitte,
100 _aTAHI, Gnion Mathias
100 _aASSI, Attiapo Pepin
110 _aCentre National de Recherche Agronomique
110 _bCote d'Ivoire
245 _aBien secher et conserver les feves de cacaoyer pour une meilleure qualite du cacao marchand de niche
_b: Fiche Technique
260 _aAbidjan
260 _bCentre National de Recherche Agronomique
260 _c2025
302 _a2 p.
388 _a2025-08-04
650 _2AGROVOC
_gCacaoy
650 _gBien
_2AGROVOC
650 _gSechage
_2AGROVOC
650 _gConservation
_2AGROVOC
650 _gFeve
_2AGROVOC
650 _gQualite
_2AGROVOC
650 _gMarchand
_2AGROVOC
650 _gNiche
_2AGROVOC
856 _uhttps://ftech.byethost7.com/wp-content/uploads/2025/08/DGN3078.pdf
999 _c5949
_d5949